000 00436nam a2200121Ia 4500
008 230128s9999 xx 000 0 und d
041 _aeng
082 _aMAT PR0616
_bMAT
100 _aMathew Sharon - 2k141077; Dr.Rachana Shikhare - Guide & [Company Name] - L&T Infotech
_9118999
245 _aStudy Of The Credibility Of Utilizing Big Data in Various Domains
260 _cSep-15
_bSavitribai Phule Pune University
_aPune
300 _a80p
999 _c97303
_d97303